Marco general para las negociaciones de un tratado de libre comercio entre Centroamérica y Panamá
Guardado en:
| Formato: | Texto |
|---|---|
| Materias: | |
| Etiquetas: |
Agregar Etiqueta
Sin Etiquetas, Sea el primero en etiquetar este registro!
|
MARC
| LEADER | 00000 a a2200000 04500 | ||
|---|---|---|---|
| 001 | 16153 | ||
| 003 | |||
| 040 | |||
| 245 | |a Marco general para las negociaciones de un tratado de libre comercio entre Centroamérica y Panamá | ||
| 650 | |a COMERCIO EXTERIOR | ||
| 650 | |a ACUERDOS INTERNACIONALES | ||
| 650 | |a AMERICA CENTRAL | ||
| 773 | |g número 52; páginas 546-550 | ||
| 999 | |c 33025 |d 33025 | ||
